The Addams Family vs. The Munsters Quiz Stats

 Plays Quiz Updated Oct 30, 2018

Score 0/18 Timer 01:30
4 Plays Today
Question Answer Wrong Answers
Wednesday
93.7%
2.7%
Gomez
93.4%
3.2%
Morticia
92.9%
3.7%
Cousin Itt
91.7%
4.9%
Uncle Fester
91.5%
5.2%
Herman
91.5%
5.1%
Pugsley
91.1%
5.5%
Eddie
89.3%
7.3%
Marilyn
89.2%
7.3%
Thing
87.8%
8.8%
Lily
86.8%
9.8%
Lurch
86.6%
10.1%
Grandpa
83.1%
13.4%
Spot
80.9%
15.6%
Charlie the Raven
71.1%
25.2%
Igor
70.2%
26.3%
Grandmama
66.4%
30.1%
Kitty Kat
34.7%
61.8%

You're not logged in!

Compare scores with friends on all Sporcle quizzes.
OR
Log In

Sporcle TV

Today on Sporcle TV


Watch our educational content, quiz creation guides, and fun videos on Sporcle TV.

Show Comments

Extras

Top Quizzes Today


Score Distribution

Your Account Isn't Verified!

In order to create a playlist on Sporcle, you need to verify the email address you used during registration. Go to your Sporcle Settings to finish the process.

Report this User

Report this user for behavior that violates our Community Guidelines.

Details: